Capitali del mondo più vicine a Kiev - Statistics

Statistiche generali
  • Questo quiz è stato fatto 63 volte
  • Il punteggio medio è 15 su 20
Statistiche sulle risposte
km capitale % Corretto
758 Mosca
98%
746 Bucarest
95%
436 Minsk
90%
691 Varsavia
90%
898 Budapest
88%
837 Riga
86%
591 Vilnius
84%
1144 Praga
83%
1007 Bratislava
81%
1023 Sofia
78%
980 Belgrado
76%
400 Chișinău
74%
1194 Zagabria
66%
1055 Vienna
64%
1137 Helsinki
62%
1168 Skopje
62%
1066 Tallinn
60%
1172 Sarajevo
59%
1186 Ankara
57%
1124 Pristina
50%
Nessun quiz corrispondente trovato
Distribuzione punteggi
Percentuale di utenti per punteggio
Percentile per numero di risposta
I tuoi punteggi nel tempo
Non hai fatto questo quiz